000 00428nam a2200109Ia 4500
008 220216s9999 xx 000 0 und d
100 _aGnanaharan R
245 0 _aNatural durability of rubber wood
260 _bIn: Rubber Wood Processing and Utilization in India (Eds. R. Gnanaharan, K. Tharian George and K. Damodaran). Ganesh Publications, 2002, Bangalore, India, pp.19-22.
_c2002
700 _aAnanthanarayanan S
942 _cBO
999 _c48248
_d48248